000 00581cam a22002173a 4500
001 45677
003 PGUSA
005 20140828084046.0
008 140518s2014||||xxu|||||s|||||000 | eng d
040 _aPGUSA
_beng
042 _adc
100 1 _aCrane, J. T.
245 1 0 _aPopular Amusements
_h[electronic resource] /
_cJ. T. Crane
260 _bProject Gutenberg,
_c2014
506 _aPublic domain in the USA.
516 _aElectronic text
700 1 _aJanes, E. S.
830 0 _aProject Gutenberg
_v45677
856 4 0 _uhttp://www.gutenberg.org/ebooks/45677
942 _cEB
999 _c274927
_d274927